000 00545 a2200229 4500
260 _aparis
630 _a33 - Economie - economie politique
650 _a3 - SCIENCES SOCIALES
100 _aLaulan, Yves
440 _n41
260 _bPresses Universitaires de France
245 _aLe Tierts Monde et la crise de l'environnement
300 _a143p.
650 _aTiers Monde : environnement : économie
260 _c1974
300 _b18cm
100 _lFr
440 _aSUP
037 _aDE 5485
999 _c44110
_d44110